Frédéric Nietzsche (Record no. 178776)
[ view plain ]
| 000 -LEADER | |
|---|---|
| campo de control de longitud fija | 00888nam a2200217 i 4500 |
| 001 - NÚMERO DE CONTROL | |
| campo de control | 178776 |
| 003 - IDENTIFICADOR DE NÚMERO DE CONTROL | |
| campo de control | ES-MaACL |
| 005 - FECHA Y HORA DE LA ÚLTIMA TRANSACCIÓN | |
| campo de control | 20230906220612.0 |
| 007 - CAMPO FIJO DE DESCRIPCIÓN FÍSICA--INFORMACIÓN GENERAL | |
| campo de control de longitud fija | t| |
| 008 - DATOS DE LONGITUD FIJA--INFORMACIÓN GENERAL | |
| campo de control de longitud fija | 110621s1903 fr ||||1| fre d |
| 080 ## - NÚMERO DE LA CLASIFICACIÓN DECIMAL UNIVERSAL | |
| Número de la Clasificación Decimal Universal | 929 Nietzsche, Friedrich |
| 100 1# - ENTRADA PRINCIPAL--NOMBRE DE PERSONA | |
| Nombre de persona | Albert, Henri. |
| 9 (RLIN) | 19310 |
| 245 10 - MENCIÓN DEL TÍTULO | |
| Título | Frédéric Nietzsche |
| Resto del título | : biographie illustrée de portraits, vues et autographes, suivie d'opinions et d'une bibliographie / Henri Albert ; portrait-frontispicie, d'après Stoeving ; ornements typographiques d'Orazi. |
| 260 ## - PUBLICACIÓN, DISTRIBUCIÓN, ETC. | |
| Lugar de publicación, distribución, etc. | París : |
| Nombre del editor, distribuidor, etc. | E. Sansot, |
| Fecha de publicación, distribución, etc. | 1903. |
| 300 ## - DESCRIPCIÓN FÍSICA | |
| Extensión | 35 p. : |
| Otras características físicas | il. ; |
| Dimensiones | 18 cm. |
| 490 1# - MENCIÓN DE SERIE | |
| Mención de serie | Les célébrités d'aujourd'hui |
| 600 14 - PUNTO DE ACCESO ADICIONAL DE MATERIA--NOMBRE DE PERSONA | |
| Nombre de persona | Nietzsche, Friedrich, |
| Fechas asociadas al nombre | 1844-1900 |
| 9 (RLIN) | 85718 |
| 830 0# - PUNTO DE ACCESO ADICIONAL DE SERIE-TÍTULO UNIFORME | |
| Título uniforme | Les célébrités d'aujourd'hui |
| 9 (RLIN) | 180788 |
| 852 ## - LOCALIZACIÓN | |
| Ubicación | ES-MaACL |
| Número de control de estantería | D-747(2) |
| Nota libre | .- Encuadernado con otras obras |
| condición física | .- Faltan p. 25-30 e ilustraciones |
| Estatus retirado | Estado de pérdida | Estado de daño | No para préstamo | Biblioteca de origen | Biblioteca actual | Ubicación en estantería | Fecha de adquisición | Fuente de adquisición | Total de préstamos | Signatura topográfica completa | Código de barras | Visto por última vez | Precio de reemplazo | Tipo de ítem Koha |
|---|---|---|---|---|---|---|---|---|---|---|---|---|---|---|
| Biblioteca del Ateneo de Madrid | Biblioteca del Ateneo de Madrid | Sala Valle Inclán | 21/06/2011 | D-747(2) | 901187790 | 23/02/2023 | 23/02/2023 | Libro impreso |
